| 000 | 01414nam0a2200337 4500 | ||
|---|---|---|---|
| 001 | RU\NLR\bibl\1519639 | ||
| 005 | 20260406064855.0 | ||
| 021 |
_aRU _b2010-32287 _92162 |
||
| 035 | _a(NLR Aleph) 001511008 | ||
| 090 |
_a80480 _c80480 |
||
| 100 | _a20100604d2010 |||y0rusy50 ca | ||
| 101 | 0 |
_arus _deng |
|
| 102 | _aRU | ||
| 105 | _aa ||||||||| | ||
| 200 | 1 |
_aСравнение работы мини-дрейфовых трубок различной конструкции _fВ. М. Абазов, Г. Д. Алексеев, Ю. И. Давыдов [и др.] |
|
| 210 |
_aДубна _cОбъединенный институт ядерных исследований _d2010 |
||
| 215 |
_a12, [2] с. _cил. _d22 |
||
| 225 | 1 |
_aПрепринт _fОбъед. ин-т ядер. исслед. _vР13-2009-164 |
|
| 300 | _aРез. на англ. яз. | ||
| 320 | _aБиблиогр. в конце кн. (12 назв.) | ||
| 606 | 1 |
_aДрейфовые трубки _92134168 _3RU\NLR\auth\661591369 |
|
| 686 | _aВ381.51 | ||
| 701 | 1 |
_aАбазов _bВ. М. _4070 |
|
| 701 | 1 |
_4070 _8rus _7ca _aАлексеев _bГ. Д. _cканд. физ.-мат. наук _gГеннадий Дмитриевич _3RU\NLR\auth\7714558 _9124230 |
|
| 701 | 1 |
_aДавыдов _bЮ. И. _4070 |
|
| 801 | 0 |
_aRU _bNLR _c20100604 _gRCR |
|
| 801 | 1 |
_aRU _bNLR _c20100604 |
|
| 942 | _cBOOK | ||
| 980 | _aNB | ||